The discovery of heaven : (Record no. 151)

MARC details
000 -LEADER
fixed length control field 00887pam a22002895a 4500
001 - CONTROL NUMBER
control field 749541
005 - DATE AND TIME OF LATEST TRANSACTION
control field 20200421093820.0
008 - FIXED-LENGTH DATA ELEMENTS--GENERAL INFORMATION
fixed length control field 980916r19981996enk 000 1 eng
015 ## - NATIONAL BIBLIOGRAPHY NUMBER
National bibliography number GB98-55188
016 7# - NATIONAL BIBLIOGRAPHIC AGENCY CONTROL NUMBER
Record control number 0140272380
Source Uk
020 ## - INTERNATIONAL STANDARD BOOK NUMBER
International Standard Book Number 0140272380 (pbk.) :
Terms of availability £8.99
035 ## - SYSTEM CONTROL NUMBER
System control number (Uk)gb 98055188
040 ## - CATALOGING SOURCE
Original cataloging agency IeDuTC
Transcribing agency IeDuTC
Modifying agency Uk
041 1# - LANGUAGE CODE
Language code of text/sound track or separate title eng
Language code of original dut
082 04 - DEWEY DECIMAL CLASSIFICATION NUMBER
Classification number 839.31364
Edition information 21
100 1# - MAIN ENTRY--PERSONAL NAME
Personal name Mulisch, Harry,
Dates associated with a name 1927-
9 (RLIN) 275
240 10 - UNIFORM TITLE
Uniform title Ontdekking van de hemel.
Language of a work English
245 14 - TITLE STATEMENT
Title The discovery of heaven :
Remainder of title a novel /
Statement of responsibility, etc. [Harry Mulisch].
260 ## - PUBLICATION, DISTRIBUTION, ETC.
Place of publication, distribution, etc. London :
Name of publisher, distributor, etc. Penguin,
Date of publication, distribution, etc. 1998, c1996.
263 ## - PROJECTED PUBLICATION DATE
Projected publication date 9802
300 ## - PHYSICAL DESCRIPTION
Extent 730 p. ;
Dimensions 20 cm.
500 ## - GENERAL NOTE
General note This translation originally published: London : Viking, 1996. Original Dutch ed.: 1992.
546 ## - LANGUAGE NOTE
Language note Translation of: De ontdekking van de hemel.
942 ## - ADDED ENTRY ELEMENTS (KOHA)
Source of classification or shelving scheme Dewey Decimal Classification
Koha item type Books
956 ## - LOCAL ELECTRONIC LOCATION AND ACCESS (OCLC)
Host name NLS
Holdings
Withdrawn status Lost status Damaged status Not for loan Collection Home library Current library Shelving location Date acquired Barcode Date last seen Price effective from Koha item type
        Reference Fairview Fairview General stacks 09/04/2014 39999000006339 09/04/2014 09/04/2014 Books
        Reference Midway Midway General stacks 09/04/2014 39999000006353 09/04/2014 09/04/2014 Books
        Reference Midway Midway General stacks 09/04/2014 39999000006377 09/04/2014 09/04/2014 Books